00209nam a22000977a 4500020001800000082001400018100002000032245002500052260002500077300000900102 a0-600-39392-5 a930 SWI'W aSWINGLEHURST, E aWONDERS OF THE WORLD aLONDONbHAMLYNc1975 a157P